[Event "Detroit (MI Action/1/14)"]
[Site "?"]
[Date "1996.??.??"]
[Round "?"]
[White "McNeil, Yaking"]
[Black "Gillom, Donte"]
[Result "1-0"]
[WhiteElo "1605"]
[BlackElo "1605"]
[PlyCount "49"]
[EventDate "1996.??.??"]

{1/(14)} 1. b3 d5 2. Bb2 Nc6 3. f4 Nf6 4. Nf3 Bf5 5. d3 e6 6. Nbd2 d4 7. h3 Bb4
8. a3 Bxd2+ 9. Qxd2 O-O 10. g4 Bg6 11. Rg1 b6 12. h4 h6 13. h5 Bh7 14. g5 hxg5
15. Rxg5 g6 16. Bg2 Kh8 17. Nxd4 Nxd4 18. Bxa8 Qxa8 19. Bxd4 Kg7 20. O-O-O Qd8
21. Qc3 c5 22. Bxf6+ Qxf6 23. h6+ Kxh6 24. Qxf6 Rd8 25. Rh1# 1-0

[Event "Detroit (WCO/3/9)"]
[Site "?"]
[Date "1996.??.??"]
[Round "?"]
[White "McNeil, Yaking"]
[Black "Cunningham, Craig"]
[Result "1-0"]
[WhiteElo "1605"]
[BlackElo "1605"]
[PlyCount "129"]
[EventDate "1996.??.??"]

{3/(9)} 1. f4 e6 2. e3 Nc6 3. Nf3 d5 4. b3 Qf6 5. Nc3 Bb4 6. Bb2 Nge7 7. Rb1 e5
8. Bb5 exf4 9. Nxd5 Qg6 10. Nxf4 Qh6 11. Nd3 Bd6 12. Be5 O-O 13. Bxd6 Qxd6 14.
Nf2 Bg4 15. Be2 Rad8 16. Ne4 Qa3 17. Qc1 Qb4 18. Nc3 Nf5 19. a3 Qe7 20. O-O Ne5
21. Nxe5 Bxe2 22. Nc6 bxc6 23. Rxf5 Bg4 24. Rf4 Be6 25. Ra4 Ra8 26. Qf1 c5 27.
Ne2 Bd7 28. Rf4 Rad8 29. Ng3 Bc6 30. Nf5 Qg5 31. Qe2 g6 32. h4 Qf6 33. Nh6+ Kg7
34. Rxf6 Kxf6 35. Rf1+ Kg7 36. Nf5+ gxf5 37. Rxf5 Bd7 38. Rxc5 c6 39. h5 Kh8
40. Qg4 Rde8 41. Qd4+ f6 42. Qxd7 Rd8 43. Qxa7 Rxd2 44. h6 Rg8 45. Kf1 Rgxg2
46. Qb8+ Rg8 47. Qxg8+ Kxg8 48. Rxc6 Kf7 49. Ke1 Rh2 50. a4 Rxh6 51. a5 Rh1+
52. Kf2 Ra1 53. a6 Kg6 54. b4 h5 55. b5 Kg5 56. Rc5+ Kg4 57. Kg2 Ra4 58. Rc7
Kg5 59. a7 Rg4+ 60. Kf3 Ra4 61. b6 h4 62. Rc8 h3 63. a8=Q Rh4 64. Rg8+ Kf5 65.
Qd5# 1-0

[Event "Detroit (MI Action/3/10)"]
[Site "?"]
[Date "1996.??.??"]
[Round "?"]
[White "McNeil, Yaking"]
[Black "Berry, DeMarcus"]
[Result "1-0"]
[WhiteElo "1605"]
[BlackElo "1605"]
[PlyCount "116"]
[EventDate "1996.??.??"]

{3/(10)} 1. b3 e5 2. Bb2 Nc6 3. e3 Nf6 4. Bb5 d6 5. Ne2 Bd7 6. O-O Be7 7. f4
O-O 8. fxe5 Nxe5 9. Bxd7 Nexd7 10. Nbc3 Re8 11. Ng3 Ne5 12. Nce4 Ned7 13. Qf3
d5 14. Nxf6+ Nxf6 15. Nh5 Qd6 16. Nxf6+ Bxf6 17. Bxf6 Qxf6 18. Qxf6 gxf6 19.
Rxf6 Kg7 20. Raf1 Re7 21. R6f4 Rf8 22. Ra4 a6 23. Rff4 c5 24. Rg4+ Kh8 25. Raf4
Rg8 26. Rxg8+ Kxg8 27. Kf2 b5 28. Rf6 Re6 29. Rxe6 fxe6 30. Kf3 Kf7 31. Kf4 Kf6
32. d3 e5+ 33. Kg4 h6 34. c3 Kg6 35. a3 a5 36. g3 b4 37. cxb4 cxb4 38. a4 h5+
39. Kf3 Kg5 40. h3 h4 41. gxh4+ Kxh4 42. Kg2 e4 43. dxe4 dxe4 44. Kh2 Kg5 45.
Kg3 Kf5 46. h4 Kg6 47. Kf4 Kh5 48. Kxe4 Kxh4 49. Kd5 Kg5 50. e4 Kf6 51. Kd6 Kf7
52. Kc6 Ke6 53. Kb5 Ke5 54. Kxa5 Kxe4 55. Kxb4 Kd5 56. Kb5 Kd6 57. Kb6 Kd7 58.
Kb7 Ke6 1-0

[Event "Detroit (WCO/1/16)"]
[Site "?"]
[Date "1996.??.??"]
[Round "?"]
[White "McNeil, Yaking"]
[Black "Akinlua, K."]
[Result "1-0"]
[WhiteElo "1605"]
[BlackElo "1605"]
[PlyCount "42"]
[EventDate "1996.??.??"]

{1/(16)} 1. e4 d5 2. exd5 Qxd5 3. Nc3 Qc6 4. Bb5 Qxb5 5. Nxb5 Bd7 6. Nxc7+ Kd8
7. Nxa8 Nf6 8. Nf3 e6 9. Ne5 Ke8 10. Qe2 Bd6 11. d3 Bxe5 12. Qxe5 Bc6 13. Bg5
Nbd7 14. Qa5 b6 15. Qxa7 Ke7 16. Nxb6 Kd6 17. Nxd7 Nxd7 18. Qd4+ Bd5 19. c4 f5
20. Bf4+ e5 21. Qxd5+ Kc7 {[Remainder illegible; 1-0, 28?]} 1-0

[Event "Detroit (WCO/1/7)"]
[Site "?"]
[Date "1996.??.??"]
[Round "?"]
[White "McNair, Shawn"]
[Black "Walquist, Elaine"]
[Result "0-1"]
[WhiteElo "1605"]
[BlackElo "1750"]
[PlyCount "72"]
[EventDate "1996.??.??"]

{1/(7)} 1. e4 c6 2. Nf3 d5 3. exd5 cxd5 4. d4 Bg4 5. Be2 Nf6 6. O-O Nc6 7. Nc3
e6 8. Bg5 Be7 9. Ne5 Bxe2 10. Nxe2 h6 11. Bf4 Qb6 12. b3 Ne4 13. f3 Nf6 14. c3
Nh5 15. Be3 Nxe5 16. Nf4 Nxf4 17. Bxf4 Ng6 18. Bd2 e5 19. Re1 exd4 20. cxd4
Qxd4+ 21. Be3 Qxd1 22. Raxd1 Rd8 23. a4 b6 24. Bd2 O-O 25. b4 Bf6 26. a5 d4 27.
axb6 axb6 28. b5 Rd5 29. Rb1 Rc8 30. Rec1 Rxc1+ 31. Bxc1 d3 32. Bd2 Ne5 33. f4
Nc4 34. Bc1 d2 35. Bxd2 Nxd2 36. Rd1 Nf3+ 0-1

[Event "Lansing (MOR/2/37)"]
[Site "?"]
[Date "1996.??.??"]
[Round "?"]
[White "McNair, Shawn"]
[Black "Rosebrook, G."]
[Result "0-1"]
[WhiteElo "1605"]
[BlackElo "1605"]
[PlyCount "66"]
[EventDate "1996.??.??"]

{2/(37)} 1. e4 c5 2. Nf3 e6 3. c3 Nf6 4. d3 Nc6 5. Nbd2 g6 6. d4 cxd4 7. cxd4
Bg7 8. e5 Nd5 9. Nb3 O-O 10. Bd3 d6 11. exd6 Qxd6 12. O-O Bd7 13. Re1 b6 14. a3
Rac8 15. Bd2 Rfe8 16. Rc1 e5 17. dxe5 Nxe5 18. Rxc8 Rxc8 19. Ba6 Re8 20. Nxe5
Rxe5 21. Bc1 Rxe1+ 22. Qxe1 Qc7 23. Qd2 Be6 24. Be2 Nf6 25. Nd4 Ne4 26. Qe3
Bxd4 27. Qxd4 Qxc1+ 28. Bf1 Nd2 29. h3 Qxf1+ 30. Kh2 Qe2 31. Qd8+ Kg7 32. Qh4
Qe5+ 33. g3 Nf3+ 0-1

[Event "Flint (MI Jr/3/13)"]
[Site "?"]
[Date "1996.??.??"]
[Round "?"]
[White "McNair, Shawn"]
[Black "Raupp, Kenneth A"]
[Result "0-1"]
[WhiteElo "1605"]
[BlackElo "1605"]
[PlyCount "36"]
[EventDate "1996.??.??"]

{3/(13)} 1. e4 e6 2. Nf3 d5 3. exd5 exd5 4. d4 Bd6 5. Nc3 c6 6. Ne2 Qc7 7. Qd3
Ne7 8. g3 Bg4 9. Neg1 Nd7 10. Be2 O-O-O 11. Ng5 Bxe2 12. Nxe2 Rdf8 13. Nxh7 Re8
14. Ng5 Rh5 15. Nf4 Nf6 16. Bd2 Qd7 17. a3 Qf5 18. Qxf5+ Nxf5+ 0-1

[Event "Eastpointe (EDO/4/20)"]
[Site "?"]
[Date "1996.??.??"]
[Round "?"]
[White "McNair, Shawn"]
[Black "Kinney, G."]
[Result "0-1"]
[WhiteElo "1605"]
[BlackElo "1605"]
[PlyCount "96"]
[EventDate "1996.??.??"]

{4/(20)} 1. e4 c5 2. Nf3 e6 3. c4 Nf6 4. Nc3 d5 5. exd5 exd5 6. cxd5 Nxd5 7. d4
Nxc3 8. bxc3 Be7 9. Be2 Nd7 10. O-O b6 11. d5 Nf6 12. c4 O-O 13. a4 a5 14. Bb2
Re8 15. Re1 Bf5 16. Bd3 Bg4 17. Re3 Qc7 18. Qc2 h6 19. Rae1 Bxf3 20. Rxf3 Bd6
21. Rxe8+ Rxe8 22. Kf1 Be5 23. Bxe5 Qxe5 24. Re3 Qxh2 25. Rxe8+ Nxe8 26. Be4
Nd6 27. Ke2 Qe5 28. f3 f5 29. f4 Qxe4+ 30. Qxe4 Nxe4 31. Kf3 h5 32. Ke3 Kf7 33.
Kd3 Kf6 34. Ke3 g5 35. fxg5+ Kxg5 36. Ke2 Kg4 37. Kf1 Nd2+ 38. Kg1 Nxc4 39. Kh2
Nd6 40. g3 c4 41. Kg2 c3 42. Kf2 c2 43. Ke2 c1=Q 44. Kd3 Qc4+ 45. Kd2 Ne4+ 46.
Ke3 Qxd5 47. Ke2 Qd2+ 48. Kf1 Qf2# 0-1

[Event "Lansing (MOR/4/48)"]
[Site "?"]
[Date "1996.??.??"]
[Round "?"]
[White "McNair, Shawn"]
[Black "Ivey, B."]
[Result "1-0"]
[WhiteElo "1605"]
[BlackElo "1605"]
[PlyCount "117"]
[EventDate "1996.??.??"]

{4/(48)} 1. e4 c6 2. Nf3 e6 3. d4 d6 4. c4 b6 5. Nc3 Bb7 6. Be2 d5 7. cxd5 exd5
8. exd5 cxd5 9. O-O Nf6 10. Re1 Bc6 11. Ne5 Bd6 12. Nxc6 Nxc6 13. Bb5+ Kd7 14.
Bxc6+ Kxc6 15. Be3 Qc7 16. g3 Rad8 17. Rc1 Kb7 18. Nxd5 Qb8 19. Qf3 Nxd5 20.
Qxd5+ Ka6 21. Qc4+ b5 22. Qxf7 Qb7 23. Qb3 Rd7 24. a4 b4 25. Qc4+ Ka5 26. Bd2
Rc7 27. Qa2 Rhc8 28. Rxc7 Rxc7 29. Rc1 Qe4 30. Rxc7 Bxc7 31. Qc4 Qb7 32. b3 Bd8
33. Qg8 Bf6 34. d5 Bc3 35. Qd8+ Qb6 36. Qxb6+ Kxb6 37. Be3+ Kb7 38. d6 Kc6 39.
Bxa7 Kxd6 40. Kf1 Kd5 41. Ke2 Ke4 42. Be3 Kd5 43. a5 Kc6 44. Kd3 Kb5 45. Bb6
Bb2 46. f4 Bc3 47. Bc7 Be1 48. Be5 g6 49. g4 Kxa5 50. f5 gxf5 51. gxf5 Bh4 52.
f6 Kb5 53. f7 Be7 54. Bg7 h5 55. f8=Q Bxf8 56. Bxf8 h4 57. Bg7 h3 58. Ke3 Kc5
59. Kf3 1-0

[Event "Flint (MI Jr/1/11)"]
[Site "?"]
[Date "1996.??.??"]
[Round "?"]
[White "McNair, Shawn"]
[Black "Fowler, B."]
[Result "0-1"]
[WhiteElo "1605"]
[BlackElo "1605"]
[PlyCount "108"]
[EventDate "1996.??.??"]

{1/(11)} 1. e4 c6 2. Nf3 d5 3. exd5 cxd5 4. d4 Nf6 5. Bb5+ Nc6 6. Ne5 Bd7 7.
Nxd7 Qxd7 8. Bf4 e6 9. Nd2 a6 10. Bxc6 bxc6 11. Nf3 c5 12. c3 Be7 13. O-O O-O
14. Be5 Qb5 15. Qc2 Ne4 16. a4 Qb6 17. Nd2 Nxd2 18. Qxd2 cxd4 19. Bxd4 Bc5 20.
Bxc5 Qxc5 21. b4 Qc4 22. Qd4 Qxd4 23. cxd4 Rab8 24. Rab1 h6 25. b5 axb5 26.
Rxb5 Rxb5 27. axb5 Rb8 28. Rb1 Kf8 29. Kf1 Ke7 30. Ke1 Kd7 31. Kd2 Kc7 32. Kc3
Kb6 33. Ra1 Rc8+ 34. Kd3 Kxb5 35. Rb1+ Kc6 36. Rc1+ Kd7 37. Rxc8 Kxc8 38. Ke3
Kd7 39. g4 Kd6 40. h4 f6 41. f4 g5 42. h5 Kc6 43. fxg5 fxg5 44. Kd3 Kb5 45. Kc3
Ka4 46. Kd3 Kb4 47. Kd2 Kc4 48. Ke3 Kc3 49. Ke2 Kxd4 50. Kd2 e5 51. Ke2 e4 52.
Kd2 e3+ 53. Ke2 Ke4 54. Ke1 Kf3 0-1

[Event "Lansing (MOR/6/31)"]
[Site "?"]
[Date "1996.??.??"]
[Round "?"]
[White "McNair, Shawn"]
[Black "Eck, J."]
[Result "0-1"]
[WhiteElo "1605"]
[BlackElo "1605"]
[PlyCount "66"]
[EventDate "1996.??.??"]

{6/(31)} 1. e4 e5 2. Nf3 Nc6 3. Bc4 Nf6 4. Ng5 d5 5. exd5 Na5 6. Bb5+ c6 7.
dxc6 bxc6 8. Be2 h6 9. Nf3 Bd6 10. O-O O-O 11. c3 e4 12. Nd4 c5 13. Nb3 Nc6 14.
d3 exd3 15. Qxd3 Qc7 16. g3 Ne5 17. Qc2 Bh3 18. Re1 Rfe8 19. Bf4 Nf3+ 20. Kh1
Nxe1 21. Qd2 Qc6+ 22. f3 Bxf4 23. Qxe1 Be3 24. Na5 Qe6 25. Bc4 Qf5 26. Be2 Ng4
27. Na3 Nf2+ 28. Qxf2 Bxf2 29. g4 Bxg4 30. Kg2 Rxe2 31. fxg4 Qxg4+ 32. Kf1 Rae8
33. N3c4 Qh3# 0-1

[Event "Eastpointe (EDO/2/22)"]
[Site "?"]
[Date "1996.??.??"]
[Round "?"]
[White "McNair, Shawn"]
[Black "Bedy, N."]
[Result "1-0"]
[WhiteElo "1605"]
[BlackElo "1605"]
[PlyCount "59"]
[EventDate "1996.??.??"]

{2/(22)} 1. e4 d5 2. exd5 Nf6 3. Nc3 Nxd5 4. Nxd5 Qxd5 5. d4 Nc6 6. Nf3 Bf5 7.
c4 Qd7 8. d5 Nb4 9. Nd4 O-O-O 10. a3 Nxd5 11. cxd5 Qxd5 12. Be3 e6 13. Nxf5
Qa5+ 14. Bd2 Qxf5 15. Be2 Bc5 16. O-O h5 17. b4 Bd6 18. Ra2 Qe5 19. g3 Qf5 20.
Qc2 Qf6 21. Bc3 Be5 22. Bxe5 Qxe5 23. f4 Qf6 24. Rc1 Qe7 25. Qa4 a6 26. Rxc7+
Qxc7 27. Rc2 Qxc2 28. Qxc2+ Kb8 29. Qe4 g6 30. Bf3 1-0

[Event "Detroit (WCO/3/26)"]
[Site "?"]
[Date "1996.??.??"]
[Round "?"]
[White "McNair, Shawn"]
[Black "Akinlua, T."]
[Result "1-0"]
[WhiteElo "1605"]
[BlackElo "1605"]
[PlyCount "73"]
[EventDate "1996.??.??"]

{3/(26)} 1. e4 d5 2. exd5 Qxd5 3. d4 Qe6+ 4. Be2 Qd7 5. c4 e6 6. Nc3 c5 7. d5
Qe7 8. Nf3 Qd8 9. O-O Nf6 10. dxe6 Bxe6 11. Re1 Qc7 12. Nb5 Qc6 13. Ne5 Qc8 14.
Qa4 Nbd7 15. Nxd7 Bxd7 16. Bg4+ Be7 17. Bg5 Ng8 18. Nd6+ Kf8 19. Nxc8 Rxc8 20.
Bxe7+ Nxe7 21. Qxd7 Re8 22. Qxb7 g6 23. Qxa7 Kg7 24. Qxc5 Rb8 25. Qe5+ f6 26.
Qxe7+ Kh6 27. Qxf6 Rhf8 28. Qc3 Rf4 29. Qe3 g5 30. Qe6+ Kg7 31. Qe5+ Rf6 32.
Qxg5+ Rg6 33. Qe5+ Rf6 34. Qxb8 Rf8 35. Re7+ Kg8 36. Be6+ Kh8 37. Qxf8# 1-0

[Event "Detroit (WCO/5/11)"]
[Site "?"]
[Date "1996.??.??"]
[Round "?"]
[White "McNair, Shawn"]
[Black "Abdul, A."]
[Result "0-1"]
[WhiteElo "1605"]
[BlackElo "1605"]
[PlyCount "94"]
[EventDate "1996.??.??"]

{5/(11)} 1. e4 c5 2. Nf3 d6 3. d4 Bg4 4. Be2 Nc6 5. d5 Nb8 6. c4 Nd7 7. Nc3 Nb6
8. O-O g6 9. h3 Bd7 10. e5 Bg7 11. exd6 exd6 12. Ne4 Qc7 13. Rb1 Nf6 14. Nxf6+
Bxf6 15. Bh6 O-O-O 16. Bg5 Bxg5 17. Nxg5 Rdf8 18. Re1 h6 19. Ne4 f5 20. Nc3 Kb8
21. Bf3 Qd8 22. b4 g5 23. Be2 h5 24. Bxh5 Qf6 25. Rc1 Rfg8 26. Be2 g4 27. hxg4
Qh4 28. f3 Qh2+ 29. Kf2 f4 30. Ne4 Qh4+ 31. Kf1 Re8 32. Bd3 Qh1+ 33. Kf2 Qh4+
34. Ke2 Qh6 35. bxc5 dxc5 36. Rh1 Qg7 37. Rxh8 Qxh8 38. Kd2 Ba4 39. Qh1 Qb2+
40. Bc2 Nxc4+ 41. Kd3 Qd4+ 42. Ke2 Qe3+ 43. Kf1 Qxc1+ 44. Kf2 Qxc2+ 45. Kg1
Qd1+ 46. Kf2 Qxh1 47. Nxc5 Qe1# 0-1

[Event "Lansing (MOR/4/49)"]
[Site "?"]
[Date "1996.??.??"]
[Round "?"]
[White "McNair, P."]
[Black "Stark, A."]
[Result "1-0"]
[WhiteElo "1605"]
[BlackElo "1605"]
[PlyCount "87"]
[EventDate "1996.??.??"]

{4/(49)} 1. e4 e5 2. Nf3 Nc6 3. Bc4 Bb4 4. Ng5 f6 5. Nf7 Qe7 6. Nxh8 Nd4 7.
Qh5+ g6 8. Bf7+ Kf8 9. Kd1 gxh5 10. Bg6 Qg7 11. Bxh5 Qxh8 12. c3 Bxc3 13. Nxc3
Qg7 14. g3 Qg5 15. Be2 Nxe2 16. Nxe2 Qh5 17. b3 Ke8 18. Ba3 c6 19. h4 d5 20.
exd5 cxd5 21. Kc2 Bf5+ 22. Kb2 Qxe2 23. Rad1 Qxf2 24. Rhf1 Qxg3 25. Rxf5 Nh6
26. Rxf6 Qg7 27. Rdf1 Ng4 28. Rf8+ Kd7 29. R1f7+ Qxf7 30. Rxf7+ Ke8 31. Rf8+
Kd7 32. Rxa8 Kc7 33. Rxa7 Kb6 34. Ra4 Nf6 35. Rb4+ Kc6 36. d4 e4 37. Ka1 e3 38.
Bc1 e2 39. Bd2 Ne4 40. Be1 Kd6 41. Rxb7 Ke6 42. a4 Nd6 43. Rxh7 Kf5 44. Re7 1-0

[Event "Lansing (MOR/7/36)"]
[Site "?"]
[Date "1996.??.??"]
[Round "?"]
[White "McNair, P."]
[Black "Smalec, Joseph"]
[Result "1-0"]
[WhiteElo "1605"]
[BlackElo "1605"]
[PlyCount "51"]
[EventDate "1996.??.??"]

{7/(36)} 1. e4 d6 2. Bc4 e6 3. Nf3 Ne7 4. Ng5 d5 5. Qf3 f6 6. Nxe6 Bxe6 7. Be2
Nbc6 8. O-O dxe4 9. Qxe4 Nd4 10. c3 Nxe2+ 11. Qxe2 Qd6 12. Qb5+ Qc6 13. Qe2
O-O-O 14. Re1 Bd5 15. f3 Nf5 16. d3 Bd6 17. f4 Nh4 18. Qg4+ Kb8 19. Qxh4 Rhe8
20. Bd2 Rxe1+ 21. Bxe1 Qb6+ 22. Qf2 Qa6 23. c4 Be6 24. Qd4 Qc6 25. Bf2 Rd7 26.
Qxa7+ 1-0

[Event "Lansing (MOR/2/44)"]
[Site "?"]
[Date "1996.??.??"]
[Round "?"]
[White "McNair, P."]
[Black "Holladay, Jason"]
[Result "0-1"]
[WhiteElo "1605"]
[BlackElo "1605"]
[PlyCount "98"]
[EventDate "1996.??.??"]

{2/(44)} 1. e4 e5 2. Nf3 Nc6 3. Bc4 Bc5 4. Ng1 Nf6 5. f3 h6 6. Nh3 d5 7. Bd3
dxe4 8. fxe4 Nxe4 9. Bxe4 Qh4+ 10. Kf1 Bxh3 11. Qf3 Be6 12. Bxc6+ Bd7 13. g3
Qh3+ 14. Qg2 Qxg2+ 15. Kxg2 Bxc6+ 16. Kf1 Bxh1 17. b3 O-O 18. Ba3 Bxa3 19. Nxa3
Bd5 20. Re1 Rfe8 21. c4 Bc6 22. Rb1 Rad8 23. Ke2 b6 24. Rb2 f5 25. Rc2 Be4 26.
Rc3 Rd7 27. d3 Bb7 28. Nc2 f4 29. g4 Bf3+ 30. Kxf3 g5 31. Nb4 a5 32. Na6 c5 33.
h3 Rh7 34. Nxc5 bxc5 35. a4 Rhe7 36. Ke2 e4 37. dxe4 Rxe4+ 38. Kf3 Re3+ 39.
Rxe3 fxe3 40. Ke2 Kg7 41. b4 axb4 42. a5 b3 43. a6 b2 44. a7 b1=Q 45. a8=Q Rxa8
46. Kxe3 Rf8 47. Ke2 Qe4+ 48. Kd2 Qxc4 49. Ke3 Rf4 0-1

[Event "Eastpointe (EDO/1/24)"]
[Site "?"]
[Date "1996.??.??"]
[Round "?"]
[White "McNair, P."]
[Black "Duncan, Robert"]
[Result "0-1"]
[WhiteElo "1605"]
[BlackElo "1605"]
[PlyCount "158"]
[EventDate "1996.??.??"]

{1/(24)} 1. e4 e5 2. Nc3 Nf6 3. Nf3 Bb4 4. Bc4 d6 5. Ng5 O-O 6. f3 h6 7. Nh3 c6
8. a3 Ba5 9. Nf2 Nbd7 10. Qe2 b5 11. Bb3 Bxc3 12. bxc3 a5 13. Qd3 Nc5 14. Qe2
Ba6 15. O-O a4 16. Ba2 Nh5 17. Rd1 Nf4 18. Qe3 Qb6 19. d4 Nce6 20. d5 Qxe3 21.
Bxe3 cxd5 22. exd5 Nc7 23. Bd2 Nfxd5 24. Be1 Bb7 25. Rab1 Bc6 26. c4 bxc4 27.
Bxc4 Ne3 28. Rxd6 Bd5 29. Bd3 Rfb8 30. Ra1 Ne8 31. Ra6 Rxa6 32. Bxa6 Nxc2 33.
Rd1 Bb3 34. Bc3 f6 35. Bd3 Nxa3 36. Ra1 Bc4 37. Rxa3 Nd6 38. Rxa4 Bxd3 39. Nxd3
Rb3 40. Ra8+ Kh7 41. Nxe5 Rxc3 42. Nd7 Rc8 43. Ra7 Kg6 44. g4 Nb5 45. Ra5 Nd4
46. Nb6 Rc6 47. Nd7 Nxf3+ 48. Kg2 Rc3 49. Rh5 Ng5 50. h4 Rd3 51. Nf8+ Kf7 52.
hxg5 hxg5 53. Nh7 Rd8 54. Kf3 Kg6 55. Nxg5 fxg5 56. Ke4 Rf8 57. Ke5 Rf4 58. Ke6
Rxg4 59. Rh8 Rf4 60. Ke7 g4 61. Ke6 g3 62. Rh1 Rg4 63. Ke7 g2 64. Rg1 Kg5 65.
Kf7 Kf4 66. Kg8 Kf3 67. Rxg2 Kxg2 68. Kf7 Kf3 69. Kf8 g5 70. Kf7 Rf4+ 71. Ke6
g4 72. Ke5 g3 73. Ke6 g2 74. Ke5 g1=Q 75. Ke6 Qg6+ 76. Ke5 Qg5+ 77. Kd6 Rf6+
78. Ke7 Qg7+ 79. Ke8 Rf8# 0-1

[Event "Flint (MI Jr/3/11)"]
[Site "?"]
[Date "1996.??.??"]
[Round "?"]
[White "McKnight, Rusty"]
[Black "Martell, Raul"]
[Result "0-1"]
[WhiteElo "1605"]
[BlackElo "1605"]
[PlyCount "110"]
[EventDate "1996.??.??"]

{3/(11)} 1. e4 e5 2. Nf3 Nc6 3. Bc4 Bc5 4. c3 d6 5. d4 exd4 6. cxd4 Bb6 7. Ng5
Nh6 8. Qh5 Qf6 9. Be3 Bg4 10. Bxf7+ Nxf7 11. Qxg4 Nxg5 12. Qxg5 Qxg5 13. Bxg5
Bxd4 14. Nc3 O-O 15. O-O Rf7 16. Rad1 Raf8 17. Be3 Bxe3 18. fxe3 Ne5 19. Rxf7
Rxf7 20. Rf1 Rxf1+ 21. Kxf1 c6 22. Ke2 Kf7 23. Nd1 Kf6 24. Nf2 h5 25. h4 g5 26.
g3 g4 27. Nd3 Nxd3 28. Kxd3 Ke5 29. b4 b5 30. Kd2 Kxe4 31. Ke2 c5 32. bxc5 dxc5
33. Kd2 b4 34. Ke2 c4 35. Kd2 a5 36. Ke2 c3 37. Kd1 Kxe3 38. Kc2 a4 39. a3 bxa3
40. Kxc3 Kf3 41. Kc2 Kxg3 42. Kb1 Kxh4 43. Ka2 g3 44. Kxa3 g2 45. Kxa4 g1=Q 46.
Kb4 Kg4 47. Kc4 Qd1 48. Kc5 h4 49. Kc4 h3 50. Kc5 h2 51. Kc4 h1=Q 52. Kc5 Qh2
53. Kc4 Qhc2+ 54. Kb4 Qdb1+ 55. Ka3 Qca2# 0-1

[Event "Flint (MI Jr/4/17)"]
[Site "?"]
[Date "1996.??.??"]
[Round "?"]
[White "McKnight, Rusty"]
[Black "Laurin, Edward"]
[Result "1-0"]
[WhiteElo "1605"]
[BlackElo "1605"]
[PlyCount "61"]
[EventDate "1996.??.??"]

{4/(17)} 1. e4 e5 2. Nf3 Nc6 3. Bc4 Nf6 4. d3 Bc5 5. Bg5 d6 6. Nc3 Bg4 7. h3
Bh5 8. Nd5 a6 9. c3 Rg8 10. g4 Bg6 11. Nh4 Rf8 12. Qf3 b5 13. Bb3 b4 14. Ba4
Kd7 15. cxb4 Bd4 16. Rc1 Rb8 17. Rxc6 Kc8 18. Rxc7+ Qxc7 19. Nxc7 Kxc7 20. Bxf6
gxf6 21. Qxf6 Rxb4 22. Qe7+ Kb6 23. b3 Rc8 24. Qxd6+ Ka5 25. a3 Rxa4 26. bxa4
Rc5 27. Nf3 Bc3+ 28. Ke2 Rc8 29. Qd5+ Kb6 30. Rb1+ Kc7 31. Rb7# 1-0

[Event "Flint (MI Jr/1/5)"]
[Site "?"]
[Date "1996.??.??"]
[Round "?"]
[White "McKnight, Rusty"]
[Black "Hartwig, Thomas"]
[Result "0-1"]
[WhiteElo "1605"]
[BlackElo "1750"]
[PlyCount "118"]
[EventDate "1996.??.??"]

{1/(5)} 1. e4 c5 2. Nc3 Nc6 3. Nf3 d6 4. Bc4 Nf6 5. d3 Bg4 6. h3 Bxf3 7. Qxf3
Ne5 8. Qe2 Nxc4 9. dxc4 e6 10. Bg5 Be7 11. Rd1 h6 12. Bh4 Qb6 13. O-O Qxb2 14.
Qd3 Qb6 15. f4 Rd8 16. f5 exf5 17. exf5 O-O 18. Bxf6 Bxf6 19. Nd5 Bd4+ 20. Qxd4
cxd4 21. Nxb6 axb6 22. Rxd4 Rfe8 23. Kh2 Kf8 24. f6 gxf6 25. Rxf6 Re6 26. Rf3
Ra8 27. a3 Ra4 28. Rb3 Ra6 29. g4 Re2+ 30. Kg3 Ke7 31. c3 Ra2 32. a4 R2xa4 33.
Re4+ Kd8 34. Kf4 Ra3 35. Rxa3 Rxa3 36. Re3 Ra5 37. h4 Kd7 38. Re4 Rc5 39. Rd4
Ke6 40. Re4+ Re5 41. Rxe5+ dxe5+ 42. Ke4 f6 43. h5 f5+ 44. gxf5+ Kf6 45. c5
bxc5 46. c4 b6 47. Kd5 Kxf5 48. Kc6 Ke4 49. Kd6 Kd4 50. Ke6 e4 51. Kf6 e3 52.
Kg6 e2 53. Kxh6 e1=Q 54. Kh7 Qe7+ 55. Kg6 Qf8 56. h6 Ke5 57. h7 Qf6+ 58. Kh5
Kf5 59. h8=Q Qxh8# 0-1

[Event "Ann Arbor (HVA/2/4)"]
[Site "?"]
[Date "1996.??.??"]
[Round "?"]
[White "McGuire, J."]
[Black "Evans Sr., Thomas"]
[Result "1-0"]
[WhiteElo "1605"]
[BlackElo "1605"]
[PlyCount "28"]
[EventDate "1996.??.??"]

{2/(4)} 1. d4 d5 2. c4 e6 3. Nc3 Nf6 4. Nf3 Be7 5. Bf4 O-O 6. e3 c5 7. dxc5
Bxc5 8. cxd5 Nxd5 9. Nxd5 Qxd5 10. Qxd5 exd5 11. Bd3 Bg4 12. Nd4 Bxd4 13. exd4
Be6 14. h3 Nc6 {[Remainder illegible; 1-0, 29?]} 1-0

[Event "Ann Arbor (Fall Open/1/6)"]
[Site "?"]
[Date "1996.??.??"]
[Round "?"]
[White "McGuire, J."]
[Black "Burg, Dan"]
[Result "1-0"]
[WhiteElo "1605"]
[BlackElo "1895"]
[PlyCount "61"]
[EventDate "1996.??.??"]

{1/(6)} 1. d4 Nf6 2. c4 g6 3. Nc3 d5 4. Nf3 Bg7 5. Bf4 O-O 6. e3 Bg4 7. h3 Bxf3
8. Qxf3 e6 9. Bd3 dxc4 10. Bxc4 c5 11. Qxb7 cxd4 12. Qxa8 dxc3 13. O-O cxb2 14.
Rad1 Qb6 15. Qf3 Nbd7 16. Bb3 Nc5 17. Bc2 Nd5 18. Rxd5 exd5 19. Qxd5 Rd8 20.
Qc4 Rd7 21. e4 Rd4 22. Qe2 Na4 23. Bb3 Rb4 24. Qc2 Rxb3 25. axb3 Nc5 26. Rb1
Nxb3 27. Qc8+ Bf8 28. Rxb2 Kg7 29. Bh6+ Kxh6 30. Qxf8+ Kg5 31. Qa3 1-0

[Event "Ann Arbor (HVA/5/3)"]
[Site "?"]
[Date "1996.??.??"]
[Round "?"]
[White "McGuire, J."]
[Black "Bedy, N."]
[Result "1-0"]
[WhiteElo "1605"]
[BlackElo "1605"]
[PlyCount "61"]
[EventDate "1996.??.??"]

{5/(3)} 1. d4 d5 2. c4 e5 3. dxe5 d4 4. Nf3 Nc6 5. g3 Bf5 6. Bg2 Qd7 7. O-O
O-O-O 8. Bd2 Bh3 9. Bxh3 Qxh3 10. a4 a5 11. Na3 h5 12. Qb1 Bc5 13. Nc2 Nge7 14.
b4 d3 15. bxc5 dxc2 16. Qxc2 Qf5 17. Qb2 h4 18. Rab1 hxg3 19. Qxb7+ Kd7 20.
fxg3 Rb8 21. Qa6 Rxb1 22. Be1 Rhb8 23. Nd4 Qxf1+ 24. Kxf1 R1b7 25. Nb5 Nxe5 26.
Qxa5 c6 27. Qd2+ Ke6 28. Nd4+ Kd7 29. Nxc6+ Ke8 30. Nxe5 Rd8 31. Qg5 1-0

[Event "Kalamazoo (Mini-Swiss.1/1)"]
[Site "?"]
[Date "1996.??.??"]
[Round "?"]
[White "McGrew, Tim"]
[Black "Stefanski, Mark"]
[Result "1-0"]
[WhiteElo "2140"]
[BlackElo "1890"]
[PlyCount "47"]
[EventDate "1996.??.??"]

{1/(1)} 1. e4 d5 2. d4 dxe4 3. Nc3 Nf6 4. f3 exf3 5. Nxf3 Bg4 6. h3 Bh5 7. g4
Bg6 8. Ne5 e6 9. Qf3 Nd5 10. Bb5+ c6 11. O-O f6 12. Nxg6 hxg6 13. Bd3 f5 14.
Bd2 Qf6 15. Rae1 Qxd4+ 16. Kg2 Kf7 17. Ne4 Be7 18. c3 Qb6 19. c4 Nb4 20. c5
Bxc5 21. Ng5+ Kg8 22. gxf5 Nxd3 23. fxe6 Nxe1+ 24. Rxe1 1-0

[Event "Detroit (Class B/5/4)"]
[Site "?"]
[Date "1996.??.??"]
[Round "?"]
[White "McGrath, Michael"]
[Black "Walquist, Elaine"]
[Result "0-1"]
[WhiteElo "1730"]
[BlackElo "1710"]
[PlyCount "90"]
[EventDate "1996.??.??"]

{5/(4)} 1. f4 d5 2. Nf3 Nd7 3. e3 e6 4. b3 f5 5. Bb2 Ngf6 6. Bd3 Bd6 7. Nc3 c6
8. Ne2 O-O 9. Ng3 Qe8 10. Qe2 Ne4 11. Bxe4 fxe4 12. Ng5 Nf6 13. O-O h6 14. Nh3
Qg6 15. a4 Bd7 16. Be5 Bxe5 17. fxe5 Ng4 18. Nf4 Qg5 19. d4 exd3 20. cxd3 Nxe5
21. a5 Nf7 22. h4 Qxg3 23. Rf3 Qxh4 24. Ng6 Qb4 25. Nxf8 Rxf8 26. Raf1 Qxa5 27.
Qf2 Be8 28. Qh4 Qc5 29. Qg4 Qe7 30. Qg6 a6 31. Rf6 e5 32. R6f5 d4 33. e4 Bd7
34. Rf6 Be8 35. R1f2 Kh8 36. R6f5 Kg8 37. g4 Bd7 38. Rf6 Be8 39. g5 hxg5 40.
R6f3 a5 41. Kf1 b5 42. Qf5 a4 43. bxa4 bxa4 44. Qg6 a3 45. Rxf7 Rxf7 0-1

[Event "Lansing (MOR/3/2)"]
[Site "?"]
[Date "1996.??.??"]
[Round "?"]
[White "McGrath, Michael"]
[Black "Stockman, David"]
[Result "1-0"]
[WhiteElo "1750"]
[BlackElo "1605"]
[PlyCount "110"]
[EventDate "1996.??.??"]

{3/(2)} 1. f4 d5 2. Nf3 Nf6 3. e3 c6 4. b3 e6 5. Bb2 Nbd7 6. Nc3 Bd6 7. Ne2 Qc7
8. Ng3 O-O 9. Bd3 e5 10. fxe5 Nxe5 11. Nxe5 Bxe5 12. Bxe5 Qxe5 13. O-O h5 14.
Rf4 g5 15. Rf1 h4 16. Nf5 Ne4 17. Bxe4 dxe4 18. Qh5 Bxf5 19. Qxg5+ Kh8 20. Qxf5
Rae8 21. Qxe5+ Rxe5 22. Rf4 Kg7 23. Rxh4 Rd8 24. Rd1 f5 25. Kf2 Red5 26. Ke2
Rc5 27. c3 Ra5 28. a4 Rad5 29. Rf4 Kg6 30. g4 Rh8 31. gxf5+ Rxf5 32. Rg1+ Kf6
33. Rxf5+ Kxf5 34. Rg2 Rh7 35. Kf1 Kf6 36. Kg1 Kf5 37. Kf2 Rd7 38. Ke2 Rh7 39.
d4 exd3+ 40. Kxd3 Rd7+ 41. Ke2 Rh7 42. Kf3 Rh3+ 43. Ke2 Rh7 44. Rf2+ Ke5 45.
Rg2 Kf5 46. Kf2 Ke4 47. Ke2 Kf5 48. Kf3 Rh3+ 49. Rg3 Rxh2 50. Rg7 Rc2 51. Rxb7
Rxc3 52. Ke2 a5 53. Kd2 Rc5 54. Rd7 Ke6 55. Rd4 Ke5 {[Remainder illegible; 1-0,
60?]} 1-0